000 00403pab a2200145 454500
008 180718b1986 xxu||||| |||| 00| 0 eng d
100 _aDhavan, Rajeev
245 _aThe press and the constitutional guarantee of free speech and expression
260 _c1986
300 _a299-335
362 _aJuly-Sept.
650 _aPress - India
773 _aJournal of the Indian Law Institute
909 _a16020
999 _c16020
_d16020